Les grands événements du XX siècle- FACILE - Statistiques

Statistiques générales
  • Ce quiz a été pris 305 fois
  • Le résultat moyen est 7 sur 8
Statistiques - réponses
Hint Réponse % Correct
1914 Début de la 1ère Guerre Mondiale
97%
1918 Fin de la 1ère Guerre Mondiale
95%
1939 Début de la 2nd Guerre Mondiale
94%
1912 Naufrage du Titanic
94%
1991 Chute de l’URSS
93%
2000 Début du 2ème millénaire après Jésus Christ
93%
1945 Fin de la 2nd Guerre Mondiale
92%
1989 Chute du mur de Berlin
86%
Aucun quiz correspondant
Distribution des résultats
% des personnes avec chaque résultat
Percentile par nombre de réponses
Votre historique - résultats
Vous n’avez pas pris ce quiz